Poderes fácticos y democracia en México: sindicatos, caciques, monopolios y delincuencia organizada en un país en transición /
Analiza los llamados “poderes fácticos, es decir, aquellos actores sociales, políticos y económicos que constituyen el pilar del viejo régimen político en México, y que han sobrevivido a la alternancia política, consolidando su poder en campos decisivos de la política estatal. En la primera sección...
Guardat en:
| Autor principal: | |
|---|---|
| Format: | Llibre |
| Idioma: | Spanish |
| Matèries: | |
| Etiquetes: |
Afegir etiqueta
Sense etiquetes, Sigues el primer a etiquetar aquest registre!
|
MARC
| LEADER | 00000nam a22000007a 4500 | ||
|---|---|---|---|
| 003 | cru CIDCACS/IIS | ||
| 005 | 20200925161133.0 | ||
| 007 | ta | ||
| 008 | 161103t2011 ag ||||| |||| 00| 0 spa d | ||
| 999 | |c 18689 |d 18689 | ||
| 040 | |c CRAI/IIS |a CRAI/IIS | ||
| 100 | 1 | |9 332 |a Olvera, Alberto | |
| 245 | 1 | |a Poderes fácticos y democracia en México: |b sindicatos, caciques, monopolios y delincuencia organizada en un país en transición / |c Alberto Olvera | |
| 300 | |a páginas 311-337 | ||
| 520 | |a Analiza los llamados “poderes fácticos, es decir, aquellos actores sociales, políticos y económicos que constituyen el pilar del viejo régimen político en México, y que han sobrevivido a la alternancia política, consolidando su poder en campos decisivos de la política estatal. En la primera sección del texto, se revisa brevemente la historia de la constitución del Estado mexicano y el régimen de la Revolución Mexicana; en segundo lugar, se analizan los grandes sindicatos corporativos y los caciques regionales, así como las formas en las que se han adaptado a los tiempos de la competencia electoral; en la tercera sección, se estudia los monopolios privados y su poder político derivado del control de los medios que necesitan los partidos para su campañas. Se finaliza con una reflexión acerca del poder del crimen organizado y de su anclaje social en una cultura, sistema económico y sistema político que facilita este tipo de prácticas. | ||
| 650 | 4 | |9 1849 |a DEMOCRATIZACION | |
| 650 | 1 | 0 | |9 3366 |a GRUPOS DE INTERESES |
| 650 | 1 | 0 | |9 5160 |a CORPORATIVISMO |
| 650 | 1 | 0 | |9 449 |a CRIMEN ORGANIZADO |
| 650 | 1 | 0 | |9 5161 |a CACIQUISMO |
| 650 | 0 | |9 4500 |a CLIENTELISMO POLITICO | |
| 651 | 1 | 0 | |a MEXICO |9 3410 |
| 773 | 0 | |0 4224 |9 78 |a Cheresky, Isidoro |d Argentina : CLACSO; Prometeo Libros |o 15112 |t Ciudadanía y legitimidad democrática en América Latina / |w (cru CIDCACS/IIS)44456 |x 9789875745391 |z 978-987-574- | |
| 942 | |2 ddc |c LI | ||
